[Event "XX Festival B"]
[Site "Robecchetto con Induno ITA"]
[Date "2009.12.27"]
[Round "1"]
[White "Salerno, Christian"]
[Black "Autino, Massimiliano"]
[Result "0-1"]
[WhiteElo "2153"]
[BlackElo "1823"]
[PlyCount "72"]
[EventDate "2009.12.27"]

1. d4 e6 2. c4 f5 3. e4 fxe4 4. Nc3 Nf6 5. Bg5 Bb4 6. a3 Bxc3+ 7. bxc3 O-O 8.
Nh3 d5 9. Be2 c6 10. O-O Qe8 11. f4 b6 12. Nf2 Na6 13. Ng4 Nxg4 14. Bxg4 Bd7
15. cxd5 exd5 16. f5 Qc8 17. Qe2 Nc7 18. Be7 Rf7 19. Bh5 Rxe7 20. f6 gxf6 21.
Rxf6 Be6 22. Raf1 Rg7 23. Qf2 Kh8 24. Qf4 Bh3 25. Qd6 Rxg2+ 26. Kh1 Rg8 27. Rf7
Bg2+ 28. Kg1 Bxf1+ 29. Kxf1 Qh3+ 30. Ke2 Qd3+ 31. Kf2 e3+ 32. Kf3 e2+ 33. Kf2
e1=Q+ 34. Kxe1 Rae8+ 35. Kf2 Qe3+ 36. Kf1 Rg1# 0-1

[Event "XX Festival B"]
[Site "Robecchetto con Induno ITA"]
[Date "2009.12.27"]
[Round "1"]
[White "Spornberger, Peter"]
[Black "Santelli, Francesco"]
[Result "0-1"]
[WhiteElo "1604"]
[BlackElo "1824"]
[PlyCount "80"]
[EventDate "2009.12.27"]

1. e4 c5 2. d4 cxd4 3. Nf3 d6 4. Nxd4 Nc6 5. Be2 Nf6 6. Nc3 a6 7. O-O e6 8. Be3
Bd7 9. a3 b5 10. Nxc6 Bxc6 11. Qd3 Be7 12. f4 O-O 13. Bf3 Qc7 14. Rad1 Nd7 15.
Qe2 Rac8 16. Kh1 Nb6 17. Bxb6 Qxb6 18. Qd2 Rfd8 19. Ne2 Bf6 20. c3 d5 21. e5
Be7 22. Nd4 Be8 23. Bg4 g6 24. Qf2 a5 25. Qd2 b4 26. Rb1 bxc3 27. bxc3 Qc5 28.
Rfc1 Rb8 29. Ra1 Rb6 30. Be2 Rdb8 31. h3 Rb2 32. Qe1 Qb6 33. a4 Bc5 34. Qd1
Bxd4 35. cxd4 Qb4 36. Rc2 Rxc2 37. Qxc2 Qxd4 38. Qc1 Kg7 39. Bd1 Rb4 40. Ra2
Qxf4 0-1

[Event "XX Festival B"]
[Site "Robecchetto con Induno ITA"]
[Date "2009.12.27"]
[Round "1"]
[White "Torretta, Gilberto"]
[Black "Foroni, Francesco"]
[Result "0-1"]
[WhiteElo "1683"]
[BlackElo "1911"]
[PlyCount "40"]
[EventDate "2009.12.27"]

1. e4 Nc6 2. d4 d5 3. e5 Bf5 4. c3 e6 5. Nf3 f6 6. Bf4 fxe5 7. Nxe5 Nxe5 8.
Bxe5 Nf6 9. Nd2 Bd6 10. Nf3 O-O 11. Bd3 Ne4 12. Bxd6 Qxd6 13. Ne5 Nxf2 14. Kxf2
Bxd3+ 15. Ke3 Bc4 16. Qg4 Rf5 17. h4 Raf8 18. h5 Rxe5+ 19. dxe5 Qxe5+ 20. Kd2
Rf2+ 0-1

[Event "XX Festival B"]
[Site "Robecchetto con Induno ITA"]
[Date "2009.12.27"]
[Round "1"]
[White "Tortolini, Francesco"]
[Black "Macchiettini, Pierangelo"]
[Result "1-0"]
[WhiteElo "1905"]
[BlackElo "1682"]
[PlyCount "103"]
[EventDate "2009.12.27"]

1. e4 c5 2. Nf3 d6 3. d4 cxd4 4. Nxd4 Nf6 5. Nc3 a6 6. Be2 e6 7. Be3 Be7 8. O-O
O-O 9. f4 Qc7 10. Kh1 Nbd7 11. Bf3 Rb8 12. g4 g6 13. g5 Ne8 14. f5 Ne5 15. Bg2
Qd8 16. f6 Nxf6 17. gxf6 Bxf6 18. Bh6 Bg7 19. Bxg7 Kxg7 20. Nf3 Nc6 21. Qd2 h6
22. Rad1 Qb6 23. b3 Qb4 24. a3 Qa5 25. Na4 Qxd2 26. Rxd2 b5 27. Nb2 Bb7 28.
Rxd6 Rfc8 29. c4 Na5 30. Ne5 Rc7 31. cxb5 axb5 32. b4 Nc4 33. Nbxc4 bxc4 34.
Rd7 Rxd7 35. Nxd7 Ra8 36. Ne5 f6 37. Nxc4 Ba6 38. Rc1 Rc8 39. Bf1 Bb5 40. Kg1
f5 41. exf5 exf5 42. Rc2 Rd8 43. Nb6 Rd1 44. Rf2 Ra1 45. a4 Bxa4 46. Nxa4 Rxa4
47. Rb2 Ra8 48. b5 Rb8 49. b6 Kf6 50. b7 Kg5 51. Bg2 h5 52. Ra2 1-0

[Event "XX Festival B"]
[Site "Robecchetto con Induno ITA"]
[Date "2009.12.27"]
[Round "1"]
[White "Tosetto, Flavio"]
[Black "Crepaldi, Marco"]
[Result "0-1"]
[WhiteElo "1647"]
[BlackElo "1871"]
[PlyCount "100"]
[EventDate "2009.12.27"]

1. e4 c5 2. f4 Nf6 3. e5 Nd5 4. Bc4 Nb6 5. Qe2 Nc6 6. c3 d5 7. exd6 Qxd6 8. d3
Nxc4 9. dxc4 Bf5 10. Nf3 Bd3 11. Qe3 Bxc4 12. b3 O-O-O 13. Nbd2 Bd3 14. Ba3 e6
15. Ng5 Rd7 16. Nge4 Bxe4 17. Nxe4 Qd5 18. Bxc5 Bxc5 19. Nxc5 Rdd8 20. O-O b6
21. Ne4 Qd7 22. Rf2 Ne7 23. Qf3 Qc7 24. Ng5 Nd5 25. c4 h6 26. Nxf7 Qxf7 27.
cxd5 Rxd5 28. Rc2+ Kb8 29. Rac1 Rhd8 30. Qe3 e5 31. fxe5 Rd1+ 32. Qe1 Rxe1+ 33.
Rxe1 Qe6 34. Rce2 Rd5 35. Kf2 b5 36. Kf1 a6 37. Kf2 Kc7 38. Rc2+ Kd7 39. Rce2
Rd4 40. Kf1 Rf4+ 41. Kg1 Qb6+ 42. Kh1 Rf2 43. e6+ Ke7 44. h3 Rxe2 45. Rxe2 Qd6
46. Kg1 a5 47. Kf2 g5 48. Kg1 Qf4 49. Re1 Qd2 50. Kf1 Qxa2 0-1

[Event "XX Festival B"]
[Site "Robecchetto con Induno ITA"]
[Date "2009.12.27"]
[Round "1"]
[White "Zito, Riccardo"]
[Black "Cocconcelli, Lorenzo"]
[Result "1-0"]
[WhiteElo "1728"]
[BlackElo "1413"]
[PlyCount "95"]
[EventDate "2009.12.27"]

1. e4 e6 2. d4 d5 3. e5 c5 4. c3 Nc6 5. Nf3 Qb6 6. a3 Nge7 7. b4 cxb4 8. cxb4
Nf5 9. Bb2 g6 10. h4 Bg7 11. h5 gxh5 12. Rxh5 h6 13. g4 Nfe7 14. Nc3 Bd7 15.
Na4 Qc7 16. Rc1 a6 17. Nc5 Qb6 18. Nxd7 Kxd7 19. Qb3 Rac8 20. Rc5 a5 21. Bb5
Kd8 22. bxa5 Nxa5 23. Rxc8+ Nxc8 24. Qb4 Na7 25. Bc3 Qxb5 26. Qxb5 Nxb5 27.
Bxa5+ Kd7 28. a4 Ra8 29. axb5 Rxa5 30. g5 Ra1+ 31. Ke2 Ra2+ 32. Kf1 hxg5 33.
Nxg5 Ke8 34. Rh7 Kf8 35. Rh3 Rb2 36. Rf3 Rxb5 37. Rxf7+ Kg8 38. Rd7 Rb6 39.
Rd8+ Bf8 40. Re8 Rc6 41. Rxe6 Rxe6 42. Nxe6 Ba3 43. Ke2 b5 44. Nc7 b4 45. Nxd5
b3 46. Nc3 Bb2 47. Kd3 Kf7 48. Kc4 1-0

[Event "XX Festival B"]
[Site "Robecchetto con Induno ITA"]
[Date "2009.12.28"]
[Round "2"]
[White "Alberio, Silvio"]
[Black "Sala, Gianni"]
[Result "1-0"]
[WhiteElo "1723"]
[BlackElo "1874"]
[PlyCount "119"]
[EventDate "2009.12.27"]

1. d4 Nf6 2. c4 g6 3. Nc3 d5 4. cxd5 Nxd5 5. e4 Nxc3 6. bxc3 Bg7 7. Bc4 c5 8.
Ne2 Nc6 9. Be3 cxd4 10. cxd4 O-O 11. O-O Na5 12. Bb5 a6 13. Bd3 b5 14. a4 Bd7
15. axb5 Bxb5 16. Bxb5 axb5 17. Nc3 b4 18. Nd5 b3 19. Bg5 f6 20. Bf4 e5 21.
dxe5 fxe5 22. Be3 Rb8 23. Bc5 Rf7 24. Ne7+ Kh8 25. Qxd8+ Rxd8 26. Rxa5 Rb8 27.
Nc6 Rc8 28. Rb5 Rfc7 29. Na5 Rxc5 30. Rxc5 Rxc5 31. Nxb3 Rb5 32. Rb1 Bf8 33.
Nd2 Rc5 34. Kf1 Bh6 35. Nf3 Kg8 36. Rd1 Ra5 37. g3 Bf8 38. Rd8 Kf7 39. Rd7+ Be7
40. Rd5 Rxd5 41. exd5 Bf6 42. Nd2 Bd8 43. Ne4 h6 44. Ke2 Bb6 45. Kd3 Ke7 46.
Kc4 Kd7 47. Kb5 Bd4 48. f3 h5 49. Kc4 Bg1 50. h3 Ba7 51. Kd3 Ke7 52. Nd2 Bf2
53. g4 hxg4 54. hxg4 Ba7 55. Ke4 Bb8 56. Nc4 Kf6 57. Nb6 Ke7 58. g5 Kf7 59. Nc4
Ba7 60. Nxe5+ 1-0

[Event "XX Festival B"]
[Site "Robecchetto con Induno ITA"]
[Date "2009.12.28"]
[Round "2"]
[White "Autino, Massimiliano"]
[Black "Astanovskaya, Yulia"]
[Result "1-0"]
[WhiteElo "1823"]
[BlackElo "1951"]
[PlyCount "89"]
[EventDate "2009.12.27"]

1. e4 d5 2. d3 e5 3. c3 Nf6 4. Bg5 Be7 5. Nd2 O-O 6. Ngf3 Nc6 7. Qc2 Be6 8. Be2
Nd7 9. Bxe7 Qxe7 10. O-O f5 11. a3 Nf6 12. b4 Qd6 13. c4 fxe4 14. dxe4 Nxe4 15.
Nxe4 dxe4 16. Qxe4 Rf4 17. Qc2 e4 18. Rad1 Qe7 19. Nd4 Nxd4 20. Rxd4 Qf6 21.
Rxe4 Bf5 22. Rxf4 Bxc2 23. Rxf6 gxf6 24. Bf3 c6 25. Re1 Kf7 26. c5 Rd8 27. g3
f5 28. Kg2 Rd3 29. Re3 Rxe3 30. fxe3 Ke6 31. Kf2 Ke5 32. Ke2 Be4 33. Bxe4 Kxe4
34. a4 a6 35. a5 h6 36. h3 h5 37. Kf2 Kd5 38. Kf3 Ke5 39. h4 Kd5 40. Kf4 Kc4
41. Kxf5 Kxb4 42. e4 Kxc5 43. e5 Kd5 44. e6 Kd6 45. Kf6 1-0

[Event "XX Festival B"]
[Site "Robecchetto con Induno ITA"]
[Date "2009.12.28"]
[Round "2"]
[White "Clerici, Samuele"]
[Black "Giunto, Andrea"]
[Result "0-1"]
[WhiteElo "1776"]
[BlackElo "1934"]
[PlyCount "68"]
[EventDate "2009.12.27"]

1. e4 c5 2. f4 d6 3. Nf3 Nc6 4. Bb5 Bd7 5. O-O e6 6. d4 cxd4 7. Nxd4 Qb6 8.
Bxc6 bxc6 9. Kh1 d5 10. Nc3 c5 11. Nf3 d4 12. Ne2 Bd6 13. a4 a5 14. Nd2 Ne7 15.
Nc4 Qc6 16. Nxd6+ Qxd6 17. Qd3 Qc7 18. b3 O-O 19. Ba3 Rfd8 20. Nxd4 Bxa4 21.
Nb5 Bxb5 22. Qxb5 Rac8 23. Bb2 Qc6 24. Qc4 Qb6 25. Qc3 f6 26. Rxa5 Qb4 27. Ra7
Qxc3 28. Bxc3 Nc6 29. Rb7 Nd4 30. Bxd4 cxd4 31. Rc1 d3 32. c4 Rd4 33. e5 d2 34.
Rd1 Re4 0-1

[Event "XX Festival B"]
[Site "Robecchetto con Induno ITA"]
[Date "2009.12.28"]
[Round "2"]
[White "Cocconcelli, Lorenzo"]
[Black "Tosetto, Flavio"]
[Result "0-1"]
[WhiteElo "1413"]
[BlackElo "1647"]
[PlyCount "104"]
[EventDate "2009.12.27"]

1. d4 Nf6 2. c4 g6 3. Nc3 Bg7 4. e4 d6 5. Nf3 O-O 6. Be2 Nbd7 7. O-O c5 8. d5
Nb6 9. Qc2 Ng4 10. b3 Ne5 11. Bb2 f5 12. Nxe5 Bxe5 13. exf5 Bxf5 14. Bd3 Qc8
15. Bxf5 Qxf5 16. Qxf5 Rxf5 17. Rab1 Nd7 18. Nb5 a6 19. Nc7 Rc8 20. Ne6 Nf8 21.
Nxf8 Rcxf8 22. Bxe5 Rxe5 23. Rfe1 Rff5 24. Kf1 Kf7 25. Rxe5 Rxe5 26. Re1 Kf6
27. Rxe5 Kxe5 28. Ke2 Kd4 29. Kd2 b5 30. cxb5 axb5 31. a3 Kxd5 32. Kc3 e5 33.
f3 g5 34. h3 h5 35. g4 h4 36. Kd3 c4+ 37. Kc3 Kc5 38. bxc4 bxc4 39. a4 d5 40.
Kd2 Kb4 41. a5 Kxa5 42. Kc3 Ka4 43. Kd2 Kb3 44. Kd1 Kb2 45. f4 exf4 46. Ke2 c3
47. Kf3 c2 48. Kg2 c1=Q 49. Kf2 d4 50. Kg2 d3 51. Kf3 Qe3+ 52. Kg2 d2 0-1

[Event "XX Festival B"]
[Site "Robecchetto con Induno ITA"]
[Date "2009.12.28"]
[Round "2"]
[White "Collaro, Paolo"]
[Black "Barazza, Remo"]
[Result "1/2-1/2"]
[WhiteElo "1643"]
[BlackElo "1545"]
[PlyCount "55"]
[EventDate "2009.12.27"]

1. e4 c6 2. Nf3 d5 3. exd5 cxd5 4. Ne5 Nf6 5. d4 e6 6. Nd2 Bd6 7. f4 O-O 8. Bd3
b6 9. Qe2 Bxe5 10. fxe5 Ne8 11. Nf3 f5 12. Bd2 Nc7 13. h4 Ba6 14. Bxa6 Nbxa6
15. h5 Qd7 16. h6 g6 17. Bg5 Qb5 18. c3 Qxe2+ 19. Kxe2 Rac8 20. Bf6 Rf7 21. Ng5
Rd7 22. Rh3 Nb8 23. Rah1 Nc6 24. Bg7 Re7 25. Bf6 Rd7 26. Bg7 Re7 27. Bf6 Rd7
28. Bg7 1/2-1/2

[Event "XX Festival B"]
[Site "Robecchetto con Induno ITA"]
[Date "2009.12.28"]
[Round "2"]
[White "Colombo, Luca"]
[Black "Pandini, Giuseppe"]
[Result "1-0"]
[WhiteElo "1886"]
[BlackElo "1702"]
[PlyCount "123"]
[EventDate "2009.12.27"]

1. e4 b6 2. d4 e6 3. Nf3 Bb7 4. Bd3 d6 5. Qe2 Nd7 6. Ba6 Bxa6 7. Qxa6 Ne7 8.
Bg5 Qc8 9. Qe2 Ng6 10. O-O Be7 11. Bxe7 Nxe7 12. Nfd2 O-O 13. f4 c5 14. c3 d5
15. Na3 a6 16. f5 exf5 17. exf5 Re8 18. Qf3 Nf6 19. Nc2 Qc7 20. g4 h6 21. h4
Nc6 22. g5 hxg5 23. hxg5 Ne4 24. Nxe4 dxe4 25. Qe3 cxd4 26. cxd4 Rad8 27. Rad1
a5 28. Rf2 Rd6 29. Rh2 f6 30. g6 Qd7 31. Qh3 Kf8 32. Qh8+ Ke7 33. Qxg7+ Kd8 34.
Qxd7+ Rxd7 35. Re2 Rd5 36. Ne3 Rd7 37. Kf2 Nb4 38. Ng4 Nd5 39. Ne3 Nf4 40. Red2
Nh3+ 41. Kg3 Ng5 42. Ng4 Rd6 43. d5 Rh8 44. Rh2 Re8 45. Kf4 Ke7 46. Rc2 Red8
47. Rc7+ R8d7 48. Rxd7+ Rxd7 49. g7 Kf7 50. g8=Q+ Kxg8 51. Nxf6+ Kf7 52. Nxd7
Nf3 53. Kg3 Ng5 54. Nxb6 e3 55. Re1 Ne4+ 56. Kf3 Nf2 57. Kxe3 Ng4+ 58. Kf4 Nf6
59. d6 Nh5+ 60. Ke5 Ke8 61. Rf1 Ng7 62. Kf6 1-0

[Event "XX Festival B"]
[Site "Robecchetto con Induno ITA"]
[Date "2009.12.28"]
[Round "2"]
[White "Costantino, Gian Franco"]
[Black "Oteri, Aldo"]
[Result "1-0"]
[WhiteElo "1572"]
[BlackElo "1826"]
[PlyCount "65"]
[EventDate "2009.12.27"]

1. e4 e6 2. d3 d5 3. Nd2 c5 4. Ngf3 Nc6 5. g3 Bd6 6. Bg2 Nge7 7. O-O Qc7 8. Re1
Bd7 9. c3 O-O 10. Nf1 Ng6 11. h4 f6 12. h5 Nge5 13. exd5 exd5 14. Nxe5 Nxe5 15.
Bxd5+ Kh8 16. Ne3 f5 17. f4 Ng4 18. Nxg4 fxg4 19. c4 Rf5 20. h6 Rh5 21. hxg7+
Kxg7 22. b3 Rh3 23. Bb2+ Kg6 24. Kg2 h5 25. Qc2 Bf5 26. Qc3 Rf8 27. Re2 h4 28.
Rae1 Rxg3+ 29. Kf2 Rxd3 30. Re6+ Kh5 31. Qg7 Qxg7 32. Bxg7 Bxe6 33. Rxe6 1-0

[Event "XX Festival B"]
[Site "Robecchetto con Induno ITA"]
[Date "2009.12.28"]
[Round "2"]
[White "Crepaldi, Marco"]
[Black "Cervini, Gian Piero"]
[Result "1-0"]
[WhiteElo "1871"]
[BlackElo "1765"]
[PlyCount "37"]
[EventDate "2009.12.27"]

1. e4 g6 2. d4 Bg7 3. f4 d6 4. Nf3 Nf6 5. Nc3 c5 6. Be3 cxd4 7. Nxd4 Qb6 8.
Bb5+ Nfd7 9. e5 dxe5 10. Nf5 Qf6 11. Nxg7+ Qxg7 12. Nd5 Kd8 13. O-O Nc6 14.
fxe5 Ncxe5 15. Bd4 e6 16. Nf6 Nc6 17. Bxc6 e5 18. Bxe5 bxc6 19. Nxd7 1-0

[Event "XX Festival B"]
[Site "Robecchetto con Induno ITA"]
[Date "2009.12.28"]
[Round "2"]
[White "Foroni, Francesco"]
[Black "Bongiorni, Gabriele"]
[Result "1-0"]
[WhiteElo "1911"]
[BlackElo "1804"]
[PlyCount "153"]
[EventDate "2009.12.27"]

1. Nf3 c5 2. e3 g6 3. d4 cxd4 4. Nxd4 Bg7 5. c4 Nc6 6. Nc3 Nf6 7. Be2 O-O 8.
O-O b6 9. Qd2 Bb7 10. b3 a6 11. Bb2 d5 12. Nxc6 Bxc6 13. Bf3 Ne4 14. Bxe4 dxe4
15. Rfd1 Qc7 16. Rac1 Rfd8 17. Nd5 Bxd5 18. cxd5 Qd6 19. Bxg7 Kxg7 20. Qd4+ Kg8
21. Qxe4 Rac8 22. g3 Rxc1 23. Rxc1 Qxd5 24. Qxe7 Qd6 25. Qxd6 Rxd6 26. Kf1 Rd2
27. Rc6 Rxa2 28. Rxb6 a5 29. Kg2 a4 30. bxa4 Rxa4 31. h3 h5 32. Kf3 Kg7 33. Rd6
Rb4 34. Rd4 Rb2 35. g4 hxg4+ 36. Rxg4 f6 37. Ra4 g5 38. h4 gxh4 39. Rxh4 Kg6
40. Kg3 f5 41. Ra4 Rb5 42. Kf4 Rb6 43. Ra8 Rb4+ 44. Kf3 Kf6 45. Rd8 Re4 46. Rd4
Re6 47. Kf4 Kg6 48. f3 Ra6 49. Rd5 Ra4+ 50. Rd4 Ra6 51. Rd8 Ra4+ 52. e4 fxe4
53. fxe4 Kf6 54. Rd6+ Ke7 55. Rb6 Ra1 56. Kf5 Ra5+ 57. e5 Ra1 58. Rb7+ Ke8 59.
Kf6 Rf1+ 60. Ke6 Kf8 61. Rb8+ Kg7 62. Ke7 Rf7+ 63. Kd6 Ra7 64. Rc8 Ra6+ 65. Kd7
Kf7 66. Rc7 Re6 67. Rc5 Re7+ 68. Kd6 Re6+ 69. Kd5 Re7 70. Rc6 Rd7+ 71. Ke4 Ra7
72. Kf5 Ke7 73. Rb6 Ra1 74. Rb7+ Ke8 75. Kf6 Rf1+ 76. Ke6 Kd8 77. Rh7 1-0

[Event "XX Festival B"]
[Site "Robecchetto con Induno ITA"]
[Date "2009.12.28"]
[Round "2"]
[White "Gonella, Graziano"]
[Black "Puricelli, Giancarlo"]
[Result "0-1"]
[WhiteElo "1179"]
[BlackElo "1631"]
[PlyCount "54"]
[EventDate "2009.12.27"]

1. e4 d6 2. Nf3 g6 3. d4 Bg7 4. Nc3 Nf6 5. Bg5 O-O 6. Qd2 Nc6 7. Bd3 Bg4 8. Bh6
Bxf3 9. gxf3 Nxd4 10. Qe3 Nxf3+ 11. Ke2 Ng4 12. Bxg7 Nxe3 13. Bxf8 Qxf8 14.
Kxe3 Ne5 15. Be2 Qh6+ 16. f4 Qh3+ 17. Kd2 Nf3+ 18. Bxf3 Qxf3 19. Raf1 Qh5 20.
Nd5 c6 21. Nxe7+ Kf8 22. Nxg6+ hxg6 23. Kd3 Qb5+ 24. c4 Qxb2 25. f5 Qa3+ 26.
Kd4 c5+ 27. Kd5 Qd3# 0-1

[Event "XX Festival B"]
[Site "Robecchetto con Induno ITA"]
[Date "2009.12.28"]
[Round "2"]
[White "Macchiettini, Pierangelo"]
[Black "Motola, Jacopo"]
[Result "1/2-1/2"]
[WhiteElo "1682"]
[BlackElo "1455"]
[PlyCount "45"]
[EventDate "2009.12.27"]

1. d4 Nf6 2. c4 e6 3. a3 d5 4. Nc3 c6 5. c5 g6 6. Nf3 Nbd7 7. Bf4 Bg7 8. Ne5
Nxe5 9. Bxe5 O-O 10. e3 Nd7 11. Bxg7 Kxg7 12. Be2 e5 13. dxe5 Nxe5 14. O-O Qe7
15. b4 f6 16. e4 dxe4 17. Nxe4 Rd8 18. Qc1 Nf7 19. Ng3 h5 20. Re1 Re8 21. Qd2
Qd7 22. Qc3 h4 23. Nf1 1/2-1/2

[Event "XX Festival B"]
[Site "Robecchetto con Induno ITA"]
[Date "2009.12.28"]
[Round "2"]
[White "Madaschi, Sergio"]
[Black "Marchesotti, Giovanni"]
[Result "1/2-1/2"]
[WhiteElo "1587"]
[BlackElo "1617"]
[PlyCount "80"]
[EventDate "2009.12.27"]

1. d4 Nf6 2. Nf3 b6 3. e3 Bb7 4. Nbd2 e6 5. c3 Be7 6. Bd3 d5 7. O-O O-O 8. Re1
Ne4 9. Qc2 f5 10. c4 c6 11. Ne5 Nxd2 12. Bxd2 Nd7 13. Nf3 h6 14. Rac1 Bd6 15.
a3 g5 16. Bc3 g4 17. Nd2 Nf6 18. b4 Qc7 19. f4 Qd7 20. c5 Be7 21. cxb6 axb6 22.
Bb2 Rfc8 23. Qb3 Ba6 24. Bxa6 Rxa6 25. Rc2 b5 26. Rec1 Kf7 27. Qd3 Qb7 28. Nb3
Ne4 29. Nc5 Nxc5 30. dxc5 Bf6 31. Bxf6 Kxf6 32. Qd4+ Kf7 33. Rc3 Qe7 34. g3 Qf6
35. Qd3 h5 36. R1c2 Rg8 37. Qf1 Rga8 38. Qd3 Rg8 39. Qf1 Rga8 40. Qd3 Rg8
1/2-1/2

[Event "XX Festival B"]
[Site "Robecchetto con Induno ITA"]
[Date "2009.12.28"]
[Round "2"]
[White "Mondini, Francesco"]
[Black "Brioschi, Camillo"]
[Result "0-1"]
[WhiteElo "1477"]
[BlackElo "1823"]
[PlyCount "48"]
[EventDate "2009.12.27"]

1. c4 c5 2. Nc3 g6 3. Nf3 Bg7 4. g3 Nc6 5. Bg2 Nf6 6. O-O O-O 7. e3 d6 8. a3
Bg4 9. Qc2 Qc8 10. d3 Bh3 11. Bxh3 Qxh3 12. Ng5 Qh5 13. f4 h6 14. Nf3 d5 15.
cxd5 Nxd5 16. Nxd5 Qxd5 17. e4 Nd4 18. Qc4 Nxf3+ 19. Rxf3 Bd4+ 20. Kg2 Qxc4 21.
dxc4 Rfd8 22. Rb1 Rac8 23. f5 g5 24. Be3 g4 0-1

[Event "XX Festival B"]
[Site "Robecchetto con Induno ITA"]
[Date "2009.12.28"]
[Round "2"]
[White "Pennati, Roberto"]
[Black "Salerno, Christian"]
[Result "1-0"]
[WhiteElo "1697"]
[BlackElo "2153"]
[PlyCount "111"]
[EventDate "2009.12.27"]

1. c4 e6 2. g3 d5 3. Bg2 Nf6 4. e3 Be7 5. Ne2 O-O 6. b3 dxc4 7. bxc4 c5 8. Nbc3
Nc6 9. d4 cxd4 10. exd4 Na5 11. Qd3 Qc7 12. c5 Bd7 13. O-O Bc6 14. Bf4 Qd7 15.
Rad1 Bxg2 16. Kxg2 Rfd8 17. Qb5 Nc6 18. Rfe1 h6 19. f3 Bf8 20. g4 Ne7 21. h4
Ned5 22. Qxd7 Rxd7 23. Bc1 Rad8 24. Kg3 b6 25. Ne4 Nxe4+ 26. fxe4 Nb4 27. cxb6
axb6 28. Rd2 Nc6 29. Red1 Bb4 30. Rd3 Ne5 31. Rb3 Nc6 32. Be3 Ba5 33. g5 hxg5
34. hxg5 Kf8 35. Kf4 e5+ 36. Kg4 exd4 37. Bf2 Ke7 38. Nf4 Nb4 39. g6 f6 40. a3
Nc2 41. Nd5+ Rxd5 42. exd5 Rxd5 43. Rbd3 Ne3+ 44. Bxe3 dxe3 45. Rxe3+ Re5 46.
Rxe5+ fxe5 47. Kf5 Bc3 48. a4 Bd4 49. Rc1 Kd7 50. Rc4 Kd6 51. Rc8 Kd5 52. Rc7
Kd6 53. Rf7 Be3 54. Ke4 Ke6 55. Rxg7 Kf6 56. Rc7 1-0

[Event "XX Festival B"]
[Site "Robecchetto con Induno ITA"]
[Date "2009.12.28"]
[Round "2"]
[White "Primerano, Carlo"]
[Black "Ronconi, Fausto"]
[Result "0-1"]
[WhiteElo "1717"]
[BlackElo "1778"]
[PlyCount "82"]
[EventDate "2009.12.27"]

1. d4 d5 2. c4 e6 3. Nc3 Nf6 4. cxd5 exd5 5. Bg5 Be7 6. Qc2 Nc6 7. e3 O-O 8. a3
Re8 9. Bd3 h6 10. Bh4 Ng4 11. Bxe7 Rxe7 12. Nge2 Qd6 13. h3 Nf6 14. Nb5 Qd8 15.
O-O a6 16. Nbc3 Qd6 17. b4 Bd7 18. Rfc1 b5 19. Bxb5 Rae8 20. Bxc6 Bxc6 21. Ng3
Bd7 22. Nf5 Bxf5 23. Qxf5 g6 24. Qf3 c6 25. Ne2 Kg7 26. Ng3 Rb7 27. Rc5 Rb5 28.
Rac1 Rxc5 29. Rxc5 Rb8 30. h4 Rb5 31. Qe2 Nd7 32. Rxb5 cxb5 33. h5 Nb6 34. hxg6
fxg6 35. e4 Qe6 36. e5 Nc4 37. a4 bxa4 38. Qc2 a3 39. Ne2 Qb6 40. Nf4 g5 41. e6
gxf4 0-1

[Event "XX Festival B"]
[Site "Robecchetto con Induno ITA"]
[Date "2009.12.28"]
[Round "2"]
[White "Revinelli, Sergio"]
[Black "Zito, Riccardo"]
[Result "1/2-1/2"]
[WhiteElo "1850"]
[BlackElo "1728"]
[PlyCount "78"]
[EventDate "2009.12.27"]

1. e4 Nf6 2. e5 Nd5 3. c4 Nb6 4. c5 Nd5 5. Bc4 e6 6. Nc3 Nxc3 7. dxc3 Bxc5 8.
Qg4 g6 9. Bh6 Bf8 10. Bg5 Be7 11. Bh6 Nc6 12. Nf3 b6 13. Qf4 Rg8 14. Ng5 Bxg5
15. Bxg5 Ne7 16. O-O-O Bb7 17. Rhg1 Bc6 18. Qh4 h5 19. Qf4 a5 20. Rd3 b5 21.
Bxb5 Bxb5 22. Rf3 Rf8 23. Bh6 Nd5 24. Qd4 Rh8 25. Bg7 Rh7 26. Bf6 Nxf6 27. exf6
Bc6 28. Rg3 a4 29. Re1 Ra5 30. Re5 Rxe5 31. Qxe5 h4 32. Rg4 Rh5 33. Qxh5 Qxf6
34. Qxh4 Qe5 35. Rd4 g5 36. Qg3 Qb5 37. Qd3 Qe5 38. Qg3 Qb5 39. Qd3 Qe5 1/2-1/2

[Event "XX Festival B"]
[Site "Robecchetto con Induno ITA"]
[Date "2009.12.28"]
[Round "2"]
[White "Rigotti, Gianluigi"]
[Black "Fortunato, Lorenzo"]
[Result "0-1"]
[WhiteElo "1608"]
[BlackElo "1841"]
[PlyCount "86"]
[EventDate "2009.12.27"]

1. e4 g6 2. d4 Bg7 3. c3 d6 4. Nf3 b6 5. Bc4 e6 6. O-O Ne7 7. d5 e5 8. Ng5 O-O
9. f4 h6 10. Nf3 exf4 11. Bxf4 Bg4 12. Qd2 Bxf3 13. Rxf3 Kh7 14. Rh3 Ng8 15.
Na3 Nd7 16. Rf1 Qe7 17. Bd3 Nc5 18. e5 dxe5 19. Bg5 f6 20. Bh4 Nxd3 21. Qxd3
Rad8 22. Qe4 Qc5+ 23. Kh1 Qxd5 24. Qxd5 Rxd5 25. Nb1 g5 26. Bf2 Rfd8 27. Re3
Ne7 28. g4 Ng6 29. Bg3 Nf4 30. Bxf4 gxf4 31. Re2 Bf8 32. b4 a5 33. a3 axb4 34.
cxb4 c5 35. b5 c4 36. a4 Bb4 37. Kg2 Ra8 38. Ra2 Rxb5 39. Nd2 Bxd2 40. Rxd2
Rxa4 41. Rd7+ Kg6 42. Kh3 Rb3+ 43. Kh4 Raa3 0-1

[Event "XX Festival B"]
[Site "Robecchetto con Induno ITA"]
[Date "2009.12.28"]
[Round "2"]
[White "Rossi, Giampiero"]
[Black "Merlotti, Marco"]
[Result "1/2-1/2"]
[WhiteElo "1936"]
[BlackElo "1661"]
[PlyCount "82"]
[EventDate "2009.12.27"]

1. d4 d5 2. c4 c6 3. cxd5 cxd5 4. Nc3 Nf6 5. Nf3 Nc6 6. Bf4 a6 7. e3 Bg4 8. h3
Bxf3 9. Qxf3 e6 10. Bd3 Bd6 11. O-O O-O 12. Rfc1 Rc8 13. Bg5 Be7 14. Qd1 Nd7
15. Bxe7 Qxe7 16. a3 Nf6 17. b4 b5 18. Qb3 Nd7 19. Rc2 Nb6 20. Rac1 Nc4 21.
Bxc4 dxc4 22. Qb2 f5 23. Re2 Qg5 24. f4 Qh4 25. Qd2 Ne7 26. Qe1 Qxe1+ 27. Rcxe1
Nd5 28. Rc2 Kf7 29. Kf2 h6 30. g3 Rg8 31. Nxd5 exd5 32. g4 g6 33. Kf3 Rce8 34.
Rc3 Re6 35. Ra1 Rb6 36. Ra2 Ra8 37. Rb2 Rc8 38. Rb1 Rg8 39. Rb2 Ra8 40. Rb1
Rab8 41. Rb2 Ra8 1/2-1/2

[Event "XX Festival B"]
[Site "Robecchetto con Induno ITA"]
[Date "2009.12.28"]
[Round "2"]
[White "Rossini, Luca"]
[Black "Di Chiara, Mauro"]
[Result "0-1"]
[WhiteElo "1751"]
[BlackElo "1864"]
[PlyCount "62"]
[EventDate "2009.12.27"]

1. d4 d6 2. c4 Nf6 3. Nc3 g6 4. e4 Bg7 5. f3 O-O 6. Be3 Nc6 7. Nge2 a6 8. Qd2
b5 9. h4 h5 10. Nf4 Nxd4 11. Nxg6 fxg6 12. Bxd4 c5 13. Bxf6 Bxf6 14. Qd5+ Be6
15. Qxe6+ Kg7 16. Rb1 Qa5 17. Kf2 Bxc3 18. bxc3 Qxa2+ 19. Be2 Rf7 20. Qd5 Raf8
21. cxb5 Qc2 22. Qd3 Qa4 23. c4 axb5 24. Rxb5 Qa8 25. Rhb1 Rf4 26. Kg3 g5 27.
hxg5 h4+ 28. Kh2 Qc8 29. Qe3 Qe6 30. Rb6 Qe5 31. Rh1 Rxf3+ 0-1

[Event "XX Festival B"]
[Site "Robecchetto con Induno ITA"]
[Date "2009.12.28"]
[Round "2"]
[White "Santarelli, Sabatino"]
[Black "Bencivenga, Antonio"]
[Result "1/2-1/2"]
[WhiteElo "1658"]
[BlackElo "1353"]
[PlyCount "112"]
[EventDate "2009.12.27"]

1. e4 e6 2. d4 d5 3. e5 c5 4. Nf3 cxd4 5. Nxd4 Ne7 6. Bg5 a6 7. Nd2 Qc7 8. N2f3
Ng6 9. Bd3 Nxe5 10. Nxe5 Qxe5+ 11. Be3 Bc5 12. c3 Nc6 13. Nf3 Qd6 14. Bxc5 Qxc5
15. O-O O-O 16. Re1 Re8 17. Ng5 g6 18. Qf3 Qe7 19. h4 h6 20. Nh3 Qxh4 21. Nf4
Qf6 22. Qg3 Qg5 23. Qxg5 hxg5 24. Nxd5 Rd8 25. Nc7 Rb8 26. Rad1 e5 27. Bc2 Bf5
28. Bxf5 gxf5 29. Nd5 Kg7 30. Ne3 Kg6 31. Nd5 e4 32. g3 Ne5 33. Kg2 Nd3 34.
Rxd3 exd3 35. c4 b5 36. b3 bxc4 37. bxc4 Rb2 38. Rd1 d2 39. a3 Re8 40. Ne3 f4
41. gxf4 gxf4 42. Nf1 Rd8 43. Kf3 Kf5 44. Ke2 Re8+ 45. Kd3 Rb3+ 46. Kc2 Rxa3
47. Nxd2 Re2 48. Kb2 Rf3 49. c5 Rfxf2 50. Kc3 Re6 51. Kd4 Rh2 52. Kd5 Rhh6 53.
Nf3 Kg4 54. Ne5+ Kg3 55. Nxf7 Rhf6 56. Ng5 Re8 1/2-1/2